| 000 | 00369nam a2200145Ia 4500 | ||
|---|---|---|---|
| 008 | 240624s9999 xx 000 0 und d | ||
| 041 | _aeng | ||
| 082 | _a332.6 KEV | ||
| 100 | _aKEVIN S | ||
| 245 | _aPORTFOLIO MANAGEMENT | ||
| 250 | _a(2nd ed.) | ||
| 260 |
_c2014 _aNew Delhi _bPHI Learning Private Limited |
||
| 300 | _axii, : 224 : p. : cm. ; 23 | ||
| 365 |
_cRS _b33 |
||
| 999 |
_c25539 _d25539 |
||